| 000 | 02630nam a22003494a 4500 | ||
|---|---|---|---|
| 001 | BD-DhSAU 1104 | ||
| 003 | BD-DhSAU | ||
| 005 | 20161107075318.0 | ||
| 008 | 150112s2008 enkab ob 001 0 eng d | ||
| 020 | _a9780195316957 (cloth : alk. paper) | ||
| 020 | _a0195316959 (cloth : alk. paper) | ||
| 040 | _aBD-DhSAU | ||
| 082 | 0 | 0 |
_a577.5/5 _222 _bOnline access |
| 210 | 1 | 0 | _aBee pollination in agricultural ecosystems |
| 245 | 0 | 0 |
_aBee pollination in agricultural ecosystems _h[online resource] / _cedited by Rosalind R. James and Theresa L. Pitts-Singer. |
| 260 |
_aOxford ; _aNew York : _bOxford University Press, _c2008. |
||
| 500 | _aOxford scholarship online biology | ||
| 504 | _aIncludes bibliographical references and index. | ||
| 505 | 0 | 0 |
_tBees in nature and on the farm / _rTheresa L. Pitts-Singer and Rosalind R. James -- _tCrop pollination services from wild bees / _rClaire Kremen -- _tCrop pollination in greenhouses / _rJosé M. Guerra-Sanz -- _tPollinating bees crucial to farming wildflower seed for U.S. habitat restoration / _rJames H. Cane -- _tHoney bees, bumble bees, and biocontrol: new alliances between old friends / _rPeter G. Kevan ... [et al.] -- _tLife cycle ecophysiology of osmia mason bees used as crop pollinators / _rJordi Bosch, Fabio Sgolastra, and William P. Kemp -- _tPast and present management of alfalfa bees / _rTheresa L. Pitts-Singer -- _tThe problem of disease when domesticating bees / _rRosalind R. James -- _tEnvironmental impact of exotic bees introduced for crop pollination / _rCarlos H. Vergara -- _tInvasive exotic plant-bee interactions / _rKaren Goodell -- _tEstimating the potential for bee-mediated gene flow in genetically modified crops / _rJames E. Cresswell -- _tGenetically modified crops: effects on bees and pollination / _rLora A. Morandin -- _tThe future of agricultural pollination / _rRosalind R. James and Theresa L. Pitts-Singer. |
| 506 | _aLicense restrictions may limit access. | ||
| 590 | _aAnwar | ||
| 650 | 0 |
_aBees _xControl _xEnvironmental aspects _zUnited States. |
|
| 650 | 0 | _aPollination by insects. | |
| 650 | 0 |
_aAgricultural ecology _zUnited States. |
|
| 700 | 1 | _aJames, Rosalind R. | |
| 700 | 1 | _aPitts-Singer, Theresa L. | |
| 773 | 0 | _tOxford Scholarship Online Biology | |
| 773 | 0 | _tOxford University Press Scholarship Online | |
| 856 | 4 | 0 | _uhttp://www.oxfordscholarship.com/view/10.1093/acprof:oso/9780195316957.001.0001/acprof-9780195316957?rskey=Oo7eLK&result=10 |
| 856 | 4 | 0 | _uhttp://doi.org/10.1093/acprof:oso/9780195316957.001.0001 |
| 942 |
_cOnline book _2ddc |
||
| 999 |
_c1104 _d1104 |
||